000 00619nam a2200217Ia 4500
008 260312s9999 xx 000 0 und d
020 _a2130356087
082 _a342.44 D985c 1978 HNA
100 _aDuverger, Maurice
_913
245 0 _aConstitutions et documents politiques.
250 _a8a. edición
260 _aPresses Universitaires de France
260 _bParís, France
260 _c1978
300 _a871p.
500 _aColección Humberto Nogueira Alcalá
650 _aDerecho constitucional
_91698
650 _aFrancia
_92181
650 _aHistoria constitucional
_92305
942 _2ddc
_cLIBRO
999 _c20218
_d20218